| 000 | 00671cam a2200217 a 4500 | ||
|---|---|---|---|
| 020 | _a0521272947 (pbk.) | ||
| 040 | _cDLC | ||
| 082 | 0 | 0 | _a808 CAM 1984 A096 Or. |
| 100 | 1 | _aComfort, Jeremy. | |
| 245 | 1 | 0 | _aBusiness reports in English / |
| 260 |
_aCambridge [Cambridgeshire] ; _aNew York : _bCambridge University Press, _c1984. |
||
| 300 |
_avi, 90 p. : _bill. ; _c24 cm. |
||
| 490 | 0 | _aCambridge professional English | |
| 650 | 0 | _aBusiness report writing. | |
| 650 | 0 | _aEnglish language | |
| 650 | 0 | _aBusiness writing. | |
| 700 | 1 | _aRevell, Rod. | |
| 700 | 1 | _aStott, Chris. | |
| 856 | 4 | 2 | _uhttp://www.loc.gov/catdir/description/cam022/84001890.html |
| 942 | _cEK | ||
| 999 |
_c14032 _d14032 |
||